000 00621nam a2200181Ia 4500
003 GCL
008 140319s9999 xx 000 0 ara d
020 _a3014099906
040 _aGCL /
_cGCL
082 0 4 _aد
_b050
_bع ف
245 1 0 _aفي نظرية الرواية ( عالم المعرفة 240 ) :
_bبحث في تقنينات السرد
260 _aالكويت :
_bالمجلس الوطنى للثقافة والفنون والاداب ،
_c1998
300 _a351 ص ؛
_c20 سم
490 _aعالم المعرفة
_v240
650 0 4 _aالسرد الادبى
650 0 4 _aالروايات
942 _2ddc
_cBK
999 _c2982
_d2982